Esports : programa d'actuació 1982 / Diputació de Barcelona. Servei d'Esports programa d'actuació 1982 / Diputació de Barcelona. Servei d'Esports
Descripción Física:
8 p. : il. ; 30 cm
MARC
| LEADER | 00000nam a2200000Ia 4500 | ||
|---|---|---|---|
| 001 | 12530 | ||
| 008 | 160829s9999 xx 000 0 cat d | ||
| 080 | |a FU-19-6 | ||
| 110 | 1 | |a Barcelona (Catalunya : Província). |b Servei d'Esports |9 53772 | |
| 245 | |a Esports : |b programa d'actuació 1982 / Diputació de Barcelona. Servei d'Esports | ||
| 260 | |a Barcelona : |b [el Servei], dl 1982 | ||
| 300 | |a 8 p. : |b il. ; |c 30 cm | ||
| 650 | |a Barcelona. Diputació. Servei d'Esports |x Programes |9 20803 | ||
| 901 | |a Arxiu | ||
| 942 | |n 1 | ||
| 952 | |0 0 |1 0 |4 0 |6 FU196 |7 1 |9 41682 |a Arxiu |b Arxiu |d 2016-12-01 |l 0 |o FU-19-6 |p 12530 |r 2016-12-01 00:00:00 |w 2016-12-01 |y ARXIU | ||
| 999 | |c 43572 |d 43572 | ||